Memoria del Foro /
Denuncia sobre las condiciones de explotación que sufren los trabajadores de Guatemala-comenta el tipo de relaciones de producción en los diversos sectores productivos y ofrece datos referentes a las condiciones de miseria de grandes masas de población. Plantea el papel que juega el imperialismo,la...
Uloženo v:
| Korporace: | , , , , |
|---|---|
| Médium: | Neznámo |
| Vydáno: |
Guatemala:
USAC
|
| Témata: | |
| Tagy: |
Přidat tag
Žádné tagy, Buďte první, kdo vytvoří štítek k tomuto záznamu!
|
MARC
| LEADER | 00000 a2200000 04500 | ||
|---|---|---|---|
| 001 | 19832 | ||
| 003 | |||
| 008 | 991231s d | ||
| 040 | |||
| 090 | |a 080201 | ||
| 110 | |a Sindicato de Trabajadores de la Industria Harinera S.A. | ||
| 245 | |a Memoria del Foro / |c Sindicato de Trabajadores de la Industria Harinera S.A. | ||
| 260 | |a Guatemala: |b USAC | ||
| 300 | |a 14 p. | ||
| 520 | |a Denuncia sobre las condiciones de explotación que sufren los trabajadores de Guatemala-comenta el tipo de relaciones de producción en los diversos sectores productivos y ofrece datos referentes a las condiciones de miseria de grandes masas de población. Plantea el papel que juega el imperialismo,la burguesía y el estado en el mantenimiento de tal situación. Informa sobre la organización de los trabajadores por mejorar sus condiciones y contra la represión, Hace consideraciones respecto a la seguridad social de los trabajadores./JMML | ||
| 650 | |a MOVIMIENTOS OBREROS | ||
| 650 | |a SINDICALISMO | ||
| 650 | |a SALUD PUBLICA | ||
| 650 | |a SEGURIDAD SOCIAL | ||
| 650 | |a GUATEMALA | ||
| 650 | |a REPRESION | ||
| 710 | |a Sindicato de Trabajadores de GINSA | ||
| 710 | |a Sindicato de Trabajadores de CAVISA | ||
| 710 | |a Sindicato Central de Trabajadores Municipales | ||
| 710 | |a Sindicato de Trabajadores de la Universidad de San Carlos de Guatemala | ||
| 999 | |c 1448 |d 1448 | ||
